Renewable Energy (Record no. 340145)

MARC details
000 -LEADER
fixed length control field 00534nam a2200169Ia 4500
008 - FIXED-LENGTH DATA ELEMENTS--GENERAL INFORMATION
fixed length control field 230718s9999 xx 000 0 und d
020 ## - INTERNATIONAL STANDARD BOOK NUMBER
International Standard Book Number 9789533079394
041 ## - LANGUAGE CODE
Language code of text/sound track or separate title eng
082 ## - DEWEY DECIMAL CLASSIFICATION NUMBER
Classification number 621.042
Item number NAY
100 ## - MAIN ENTRY--PERSONAL NAME
Personal name Nayeripour M. (Editor)
9 (RLIN) 197796
245 ## - TITLE STATEMENT
Title Renewable Energy
Remainder of title Trends And Applications
260 ## - PUBLICATION, DISTRIBUTION, ETC. (IMPRINT)
Date of publication, distribution, etc. 2014
Name of publisher, distributor, etc. Intech
300 ## - PHYSICAL DESCRIPTION
Extent 250
Accompanying material [OBSOLETE, CAN/MARC] Ref 147 M (51352)
365 ## - TRADE PRICE
Currency code Rs.
Price amount 7042.14
700 ## - ADDED ENTRY--PERSONAL NAME
Personal name Nayeripour M. (Editor) & Kheshti M. (Editor)
9 (RLIN) 197797
906 ## - LOCAL DATA ELEMENT F, LDF (RLIN)
d O:0462419-Aug-2015B:SE/SI/208014-Aug-2015
c MECH
b 2112.64
Holdings
Withdrawn status Lost status Source of classification or shelving scheme Reference No Damaged status Not for loan Home library Current library Date acquired Vendor Budget Code Cost, normal purchase price Bill number Full call number Barcode Date last seen Discount Cost, replacement price Bill Date Koha item type Original Barcode
    Dewey Decimal Classification Ref 147 M (51352)   Reference Cummins College of Engineering for Women Pune Cummins College of Engineering for Women Pune 19/08/2015 Suyog Enterprises MECH 4929.50 SE/SI/2080 621.042 CCEP-BK-51352 18/07/2023 2112.64 7042.14 14/08/2015 Books 051352